Primer Congreso de Centros Históricos de España [ (Record no. 174470)

MARC details
000 -LEADER
campo de control de longitud fija 00983nmm a2200253 4500
001 - NÚMERO DE CONTROL
campo de control 174470
003 - IDENTIFICADOR DE NÚMERO DE CONTROL
campo de control ES-MaACL
005 - FECHA Y HORA DE LA ÚLTIMA TRANSACCIÓN
campo de control 20230906215534.0
006 - CÓDIGOS DE INFORMACIÓN DE LONGITUD FIJA--CARACTERÍSTICAS DEL MATERIAL ADICIONAL
campo de control de longitud fija a s 110 0
007 - CAMPO FIJO DE DESCRIPCIÓN FÍSICA--INFORMACIÓN GENERAL
campo de control de longitud fija c| |g
008 - DATOS DE LONGITUD FIJA--INFORMACIÓN GENERAL
campo de control de longitud fija 100427s2002 sp | | 110 0 spa d
017 ## - NÚMERO DE COPYRIGHT O DE DEPÓSITO LEGAL
Número de copyright o de depósito legal V 4236-2002
080 ## - NÚMERO DE LA CLASIFICACIÓN DECIMAL UNIVERSAL
Número de la Clasificación Decimal Universal 711.4-163(460)(063)
111 2# - ENTRADA PRINCIPAL--NOMBRE DE CONGRESO/REUNIÓN
Nombre de congreso/reunión o jurisdicción como elemento de entrada Congreso de Centros Históricos de España (
Número del congreso/reunión o número de parte o sección 1º.
Fecha del congreso o de la firma del tratado 2001.
Sede del congreso/Lugar de la reunión Madrid)
9 (RLIN) 142600
245 10 - MENCIÓN DEL TÍTULO
Título Primer Congreso de Centros Históricos de España [
Medio recurso electrónico]
Resto del título : Centro Cultural de la Vulla 16 y 17 de octubre de 2001.
260 ## - PUBLICACIÓN, DISTRIBUCIÓN, ETC.
Lugar de publicación, distribución, etc. [Valencia] :
Nombre del editor, distribuidor, etc. Generalitat Valenciana :
-- Archival,
Fecha de publicación, distribución, etc. DL 2002.
300 ## - DESCRIPCIÓN FÍSICA
Extensión 1disco compacto ;
Dimensiones 12 cm.
500 ## - NOTA GENERAL
Nota general CD-ROm de ponencias y comunicaciones.
594 ## - Nota al título y mención de responsabilidad
Nota al título y mención de responsabilidad Tít. tomado del CD.
650 #4 - PUNTO DE ACCESO ADICIONAL DE MATERIA--TÉRMINO DE MATERIA
Término de materia o nombre geográfico como elemento de entrada Centros Históricos-
Subdivisión general Preservación-
Subdivisión geográfica España-
Subdivisión de forma Congresos y asambleas.
9 (RLIN) 142601
710 1# - ENTRADA AGREGADA--NOMBRE DE ENTIDAD CORPORATIVA
Nombre de entidad corporativa o nombre de jurisdicción como elemento de entrada Comunidad Valenciana.
Unidad subordinada Generalidad.
9 (RLIN) 7537
710 2# - ENTRADA AGREGADA--NOMBRE DE ENTIDAD CORPORATIVA
Nombre de entidad corporativa o nombre de jurisdicción como elemento de entrada Archival.
9 (RLIN) 142602
852 4# - LOCALIZACIÓN
Ubicación ES-MaACL
Número de control de estantería ROT 2/5/1
Nota libre .- CD-ROM
Holdings
Estatus retirado Estado de pérdida Estado de daño No para préstamo Biblioteca de origen Biblioteca actual Ubicación en estantería Fecha de adquisición Fuente de adquisición Total de préstamos Signatura topográfica completa Código de barras Visto por última vez Precio de reemplazo Tipo de ítem Koha
        Biblioteca del Ateneo de Madrid Biblioteca del Ateneo de Madrid Depósito 27/04/2010     ROT 2/5/1 1183151 23/02/2023 23/02/2023 Archivo de ordenador en CD-ROM, CD o disquete